000 00601nam a2200193Ia 4500
003 GCL
008 140319s9999 xx 000 0 ara d
020 _a?002175977
040 _aGCL /
_cGCL
082 0 4 _a810.8
_bم م
100 1 _aمحمد ابوالانوار
245 1 0 _aمصطفى لطفى المنفلوطى :
_bحياتة وادبة /
_cمحمد ابوالانوار
260 _aالقاهرة :
_bمكتبة الشباب ،
_c1981
300 _a3 مج ؛
_c24 سم
490 _a
650 0 4 _aالادباء
650 0 4 _aمصطفى لطفى المنفلوطى
942 _2ddc
_cBK
999 _c54325
_d54325